000 00610cam a2200193 a 4500
020 _a0030245583
082 0 0 _a530.02462
_bSER
_cl-40, P-03
100 1 _aSerway, Raymond A.
_97830
245 1 0 _aPrinciples of physics /
_cRaymond A. Serway ; with contributions by John W. Jewett, Jr.
250 _a2nd ed.
260 _aFort Worth :
_bSaunders College Pub.,
_cc1998.
300 _a2 v. :
_bill. (some col.) ;
_c26 cm.
490 0 _aSaunders golden sunburst series
500 _aIncludes index.
526 _a0
_b0
_c0
_d530_024620000000000_SER
650 0 _aMCE
_9379
650 0 _aPhysics.
942 _2ddc
_cBK
999 _c544208
_d544208